000
00289nam a22001337a 4500
008
170418b xxu||||| |||| 00| 0 eng d
020
_a
0697045633
041
_a
eng
080
_2
2ND
_a
573
100
_a
11
101
_a
SHM
245
_a
INQUIRY INTO LIFE
_c
MADER, S.S
942
_2
udc
_c
BK
999
_c
11033
_d
11033